A közösség, az egyén és a közösség kapcsolata, pszichológiai és szociológiai szempontból vizsgálva.

Bibliographic Details
Main Author: Pongrácz Kevin Róbert
Other Authors: Farkas Dr. Julianna
Format: Thesis
Kulcsszavak:egyén és közösség
egyéni viselkedés
közösségi média
pszichológia
szociológia
Online Access:http://dolgozattar.uni-bge.hu/59544

MARC

LEADER 00000nta a2200000 i 4500
001 dolg59544
005 20260409145217.0
008 260409suuuu hu om 000 hun d
040 |a BGE Dolgozattár Repozitórium  |b hun 
041 |a hu 
100 1 |a Pongrácz Kevin Róbert 
245 1 2 |a A közösség, az egyén és a közösség kapcsolata, pszichológiai és szociológiai szempontból vizsgálva.  |c Pongrácz Kevin Róbert  |h [elektronikus dokumentum] 
520 3 |a A dolgozat a közösség és az egyén kapcsolatát vizsgálja pszichológiai és szociológiai nézőpontból, különös figyelmet fordítva a modern digitális közösségek hatására. A kutatás célja annak feltárása, hogy a közösségi hovatartozás hogyan befolyásolja az identitásfejlődést, az érzelmi jóllétet, valamint a mentális rezilienciát. A dolgozatban bemutatott kérdőíves vizsgálat 170 résztvevő bevonásával készült, és generációk közötti különbségeket is feltár a közösségi élmények megélésében. Az eredmények azt mutatják, hogy a közösségek akár offline, akár online alapvető szerepet játszanak az egyén önképének formálásában, társas támogatás nyújtásában és az elszigeteltség csökkentésében. Különösen a Z generáció esetében kiemelkedő jelentőségűek az online közösségek, melyek egyszerre lehetnek megtartó erők és pszichológiai kihívások forrásai. A dolgozat gyakorlati javaslatokat is megfogalmaz a közösségi identitás tudatos alakítására és a digitális térben való egészséges jelenlétre. 
695 |a egyén és közösség 
695 |a egyéni viselkedés 
695 |a közösségi média 
695 |a pszichológia 
695 |a szociológia 
700 1 |a Farkas Dr. Julianna  |e ths 
856 4 0 |u http://dolgozattar.uni-bge.hu/59544/1/Pongr%C3%A1cz%20Kevin.%20A%20k%C3%B6z%C3%B6ss%C3%A9g%2C%20az%20egy%C3%A9n%20%C3%A9s%20a%20k%C3%B6z%C3%B6ss%C3%A9g%20kapcsolata%2C%20pszichol%C3%B3giai%20%C3%A9s%20szociol%C3%B3giai%20szempontb%C3%B3l%20vizsg%C3%A1lva.pdf  |z Dokumentum-elérés 
856 4 0 |u http://dolgozattar.uni-bge.hu/59544/2/Pongr%C3%A1cz%20Kevin%20R%C3%B3bert_b%C3%ADr%C3%A1lat.pdf  |z Dokumentum-elérés 
856 4 0 |u http://dolgozattar.uni-bge.hu/59544/3/Pongr%C3%A1cz%20Kevin%20b%C3%ADr%C3%A1lat%20Farkas.pdf  |z Dokumentum-elérés